| 000 | 01291 a2200253 4500 | ||
|---|---|---|---|
| 001 | 45835 | ||
| 005 | 20260407155730.0 | ||
| 008 | 260407a2011 arg spa d | ||
| 003 | AR-UNSa-BCEJYS | ||
| 040 |
_aAR-UNSa-BCEJYS _bspa _cAR-UNSa-BCEJYS |
||
| 080 |
_a331.5(460) _xMercado de Trabajo. Empleo en España |
||
| 245 | 1 | 0 | _aEvaluación microeconómica de los programas de fomento del empleo indefinido a partir de datos de los servicios públicos de empleo y de la muestra continua de vidas laborales |
| 020 | _a978-84-8417-384-7 | ||
| 264 | 1 |
_aMadrid : _bMinisterio de Trabajo e Inmigración _c2011 |
|
| 300 |
_a203 p. _c22 cm. |
||
| 505 | _a1. Introducción: los programas de fomento del empleo indefinido – 2. Los datos de contratos: características – 3. El enlace de la muestra continúa de vidas laborales con el registro de contratos: características de los episodios de empleo indefinido – 4. Análisis de la estabilidad de los contratos indefinidos – 5. Resumen y conclusiones. | ||
| 041 | _aspa | ||
| 942 | _cBK | ||
| 590 | _aniveau_biblio:m niveau_hierar:0 | ||
| 100 | 1 | _aMoreno, Gloria | |
| 700 | 1 | _aCebrián, Inmaculada | |
| 700 | 1 | _aToharia, Luis | |
| 856 | 4 | 1 |
_uhttps://www.biblioeco.unsa.edu.ar/pmb/images/libros/L127200.jpg _yImagen de portada _qimage/jpeg |
| 999 |
_c4017 _d4017 |
||